Eminent Indian Judges / (Record no. 23896)
[ view plain ]
| 000 -LEADER | |
|---|---|
| fixed length control field | 00460nam a22001697a 4500 |
| 003 - CONTROL NUMBER IDENTIFIER | |
| control field | BDDh-ASL |
| 005 - DATE AND TIME OF LATEST TRANSACTION | |
| control field | 20231015030313.0 |
| 008 - FIXED-LENGTH DATA ELEMENTS--GENERAL INFORMATION | |
| fixed length control field | 210407b19891988ii ac||| |||| 00| 0 eng d |
| 040 ## - CATALOGING SOURCE | |
| Original cataloging agency | BDDh-ASL |
| Transcribing agency | BDDh-ASL |
| 082 ## - DEWEY DECIMAL CLASSIFICATION NUMBER | |
| Classification number | 923.454 |
| Item number | EMI |
| 245 00 - TITLE STATEMENT | |
| Title | Eminent Indian Judges / |
| 260 ## - PUBLICATION, DISTRIBUTION, ETC. | |
| Place of publication, distribution, etc. | New Delhi: |
| Name of publisher, distributor, etc. | Mittal Publications, |
| Date of publication, distribution, etc. | 1988-1989. |
| 300 ## - PHYSICAL DESCRIPTION | |
| Extent | 509 p. : |
| Dimensions | 22 cm. |
| 650 #0 - SUBJECT ADDED ENTRY--TOPICAL TERM | |
| 9 (RLIN) | 1339 |
| Topical term or geographic name entry element | Biography |
| 700 1# - ADDED ENTRY--PERSONAL NAME | |
| 9 (RLIN) | 3640 |
| Personal name | Mitter, Sir Brojendra |
| 942 ## - ADDED ENTRY ELEMENTS (KOHA) | |
| Source of classification or shelving scheme | Dewey Decimal Classification |
| Koha item type | Books |
| Withdrawn status | Lost status | Source of classification or shelving scheme | Damaged status | Not for loan | Collection code | Home library | Current library | Shelving location | Date acquired | Source of acquisition | Total Checkouts | Full call number | Barcode | Date last seen | Copy number | Price effective from | Koha item type |
|---|---|---|---|---|---|---|---|---|---|---|---|---|---|---|---|---|---|
| Dewey Decimal Classification | Non-fiction | Asiatic Society Library | Asiatic Society Library | General Stacks | 04/07/2021 | ASB Library Collections | 923.454 EMI | 108452 | 04/07/2021 | C-1 | 04/07/2021 | Books |